000 00740nam a22002417a 4500
003 UA-OsUOA
001 43082
007 ta
008 20061205b un ||||| |||| 00| 0 ukr d
100 _aЛютий О.І.
700 _aДемиденко Л.М.
700 _aСубботович Ю.Л.
090 _a330
_bЛ-11
942 _cSA
040 _aUA-OsUOA
_bukr
_cUA-OsUOA
_dUA-OsUOA
245 _aБюджетна політика і стабільність соціально-економічного розвитку України
300 _aС.3-13
955 _a0
041 _aukr
080 _a330
773 0 _w43081
_tФінанси України
_dК.
_d2006
_g10
650 7 _a330 Економіка взагалі
_2UDC
999 _c329213
_d329213